[Event "Charlotte Spring-A 2022"]
[Site "Charlotte"]
[Date "2022.03.18"]
[Round "4.3"]
[White "Lee, Michael"]
[Black "Ostrovskiy, Aleksandr"]
[Result "0-1"]
[WhiteElo "2379"]
[BlackElo "2409"]
[Annotator "ChessBase"]
[PlyCount "100"]
[EventDate "2022.03.16"]
[EventType "tourn"]
[EventCountry "USA"]
[SourceTitle "playchess.com"]
[Source "ChessBase"]
[SourceQuality "1"]
[TimeControl "5400+30"]

1. d4 {[%emt 0:01:16]} Nf6 {[%emt 0:02:22]} 2. c4 {[%emt 0:00:14]} e6 {[%emt 0:00:09]} 3. Nf3 {[%emt 0:00:13]} Bb4+ {[%emt 0:01:00]} 4. Bd2 {[%emt 0:00:24]} Qe7 {[%emt 0:01:20]} 5. Qc2 {[%emt 0:09:36]} Bxd2+ {[%emt 0:04:20]} 6. Nbxd2 {[%emt 0:00:07]} d6 {[%emt 0:00:19]} 7. e4 {[%emt 0:08:59]} e5 {[%emt 0:01:00]} 8. d5 {[%emt 0:00:06]} a5 {[%emt 0:07:19]} 9. c5 {[%emt 0:10:11]} dxc5 {[%emt 0:12:47]} 10. Nc4 {[%emt 0:08:16]} O-O {[%emt 0:02:38]} 11. a4 {[%emt 0:06:42]} Nbd7 {[%emt 0:08:31]} 12. Bd3 {[%emt 0:11:37]} b6 {[%emt 0:18:02]} 13. Ne3 {[%emt 0:02:40]} Ne8 {[%emt 0:02:55]} 14. h4 {[%emt 0:04:01]} Nd6 {[%emt 0:02:00]} 15. g4 {[%emt 0:07:35]} Nf6 {[%emt 0:11:56]} 16. Rg1 {[%emt 0:03:17]} c4 {[%emt 0:01:46]} 17. Bxc4 {[%emt 0:01:36]} Nfxe4 {[%emt 0:16:26]} 18. Bd3 {[%emt 0:00:24]} f5 {[%emt 0:01:27]} 19. gxf5 {[%emt 0:01:12]} Nc5 {[%emt 0:00:19]} 20. Bc4 {[%emt 0:06:55]} Kh8 {[%emt 0:00:05]} 21. Ng5 {[%emt 0:00:08]} Nxc4 {[%emt 0:00:57]} 22. Qxc4 {[%emt 0:00:32]} Ba6 {[%emt 0:02:29]} 23. Qc3 {[%emt 0:01:59]} Nd3+ {[%emt 0:00:38]} 24. Kd2 {[%emt 0:00:06]} Nc5 {[%emt 0:01:04]} 25. Rg4 {[%emt 0:00:22]} Rad8 {[%emt 0:00:28]} 26. Ne4 {[%emt 0:04:52]} Nxe4+ {[%emt 0:00:32]} 27. Rxe4 {[%emt 0:00:02]} Bb7 {[%emt 0:00:33]} 28. Qxe5 {[%emt 0:08:25]} Qf7 {[%emt 0:00:01]} 29. Rd4 {[%emt 0:00:29]} Rfe8 {[%emt 0:00:11]} 30. Qf4 {[%emt 0:00:53]} Bxd5 {[%emt 0:00:09]} 31. Ke1 {[%emt 0:00:27]} c5 {[%emt 0:00:32]} 32. Rd2 {[%emt 0:00:06]} Bb3 {[%emt 0:01:00]} 33. Rxd8 {[%emt 0:00:41]} Rxd8 {[%emt 0:00:01]} 34. Kf1 {[%emt 0:00:37]} Qf6 {[%emt 0:00:54]} 35. Qg5 {[%emt 0:01:34]} Rd2 {[%emt 0:00:26]} 36. Ng4 {[%emt 0:00:54]} Qxg5 {[%emt 0:01:15]} 37. hxg5 {[%emt 0:00:02]} Rd4 {[%emt 0:00:35]} 38. Ne5 {[%emt 0:00:46]} Bxa4 {[%emt 0:00:28]} 39. Kg2 {[%emt 0:00:43]} Rf4 {[%emt 0:00:32]} 40. Nf7+ {[%emt 0:00:45]} Kg8 {[%emt 0:00:01]} 41. Kg3 {[%emt 0:00:13]} Rxf5 {[%emt 0:00:50]} 42. Nd6 {[%emt 0:00:06]} Rxg5+ {[%emt 0:00:31]} 43. Kf4 {[%emt 0:00:05]} Rg6 {[%emt 0:00:29]} 44. Nf5 {[%emt 0:00:08]} Rf6 {[%emt 0:00:04]} 45. Ke5 {[%emt 0:00:30]} Bd7 {[%emt 0:00:21]} 46. Ne7+ {[%emt 0:00:14]} Kf7 {[%emt 0:00:06]} 47. Nd5 {[%emt 0:00:05]} Re6+ {[%emt 0:01:19]} 48. Kf4 {[%emt 0:00:05]} g5+ {[%emt 0:00:20]} 49. Kg3 {[%emt 0:00:19]} h5 {[%emt 0:00:11]} 50. f4 {[%emt 0:00:24]} h4+ {[%emt 0:00:24]} 0-1

[Event "Charlotte Spring-A 2022"]
[Site "Charlotte"]
[Date "2022.03.18"]
[Round "4.4"]
[White "Bodek, Michael"]
[Black "Panjwani, Raja"]
[Result "0-1"]
[WhiteElo "2418"]
[BlackElo "2436"]
[Annotator "TA"]
[PlyCount "160"]
[EventDate "2022.03.16"]
[EventType "tourn"]
[EventCountry "USA"]
[SourceTitle "playchess.com"]
[Source "ChessBase"]
[SourceQuality "1"]

{[%evp 19,160,-10,7,0,0,-21,-27,-27,-19,-10,-8,-31,-24,-25,-29,-23,-30,-25,-22,-23,-23,-71,-92,-75,-71,-67,-63,-71,-72,-94,-119,-96,-100,-192,-204,-183,-152,-201,-176,-181,-193,-177,-162,-137,-141,-133,-133,-131,-105,-301,-229,-584,-573,-553,-247,-787,-472,-641,-261,-257,-264,-259,-215,-278,-208,-650,-650,-513,-424,-601,-569,-435,-186,-192,-158,-81,0,-158,-158,-158,-158,-158,-158,-1518,-1518,-1162,-1071,-1562,-1675,-6804,-5180,-29951,-11168,-29965,-29966,-29965,-29959,-3998,-3467,-29958,-29955,-29961,-29963,-29960,-29962,-29972,-29973,-29979,-29976,-29976,-29977,-29980,-29977,-29977,-29978,-29978,-29979,-29981,-29982,-29983,-29983,-29983,-29983,-29984,-29985,-29985,-29986,-29989,-29988,-29989,-29990,-29990,-29991,-29991,-29992,-29992,-29990,-29990,-29991,-29993,-29992,-29992,-29991]} 1. e4 c5 2. Nf3 Nc6 3. Nc3 g6 4. d4 cxd4 5. Nxd4 Bg7 6. Be3 Nf6 7. Bc4 O-O 8. Bb3 d6 9. h3 Na5 {is the new trend.} 10. O-O b6 11. Bg5 {B72: Sicilian Dragon: 6 Be3, lines with h3+Bc4 and sidelines.} Bb7 12. Bd5 {[#]} Qd7 $146 ({Predecessor:} 12... Qc8 13. Re1 Nc4 14. Bxb7 Qxb7 15. b3 Na5 16. Qf3 Rfc8 17. Rad1 Rc5 18. Nd5 Nxd5 19. exd5 Qxd5 {1-0 (41) Gao,R (2487)-Friedrichs,K (2298) Golden Sands 2014}) 13. Qd3 {Black has an edge.} Nxd5 (13... Rac8 $5 {[%cal Rf6d5]}) 14. Nxd5 f6 15. Bd2 e6 16. Ne3 f5 17. exf5 gxf5 18. Bxa5 bxa5 19. Rad1 f4 20. Ng4 (20. Nc4 $1 $11 {deserves consideration.}) 20... h5 $36 {[%mdl 2048] Black is in control.} 21. Nh2 e5 22. Qb5 Rfd8 {Dancing on a razor blade.} 23. Qxd7 $1 Rxd7 24. Nb3 {[%cal Ob3c5]} Ba6 25. Rfe1 ({Don't blunder} 25. Nc5 $2 Bxf1 26. Nxd7 Bb5 27. Rxd6 Rd8 $19) 25... Rc8 26. Rd2 (26. c3 $17) 26... a4 $19 27. Nc1 Bf8 28. b3 (28. Nd3 $17) 28... Bb7 29. c4 Rg7 30. f3 axb3 31. axb3 d5 32. Rxe5 dxc4 33. bxc4 Bc5+ ({Inferior is} 33... Rxc4 34. Ne2 $15) 34. Kf1 $2 (34. Kh1 $17 {only move.}) 34... Be3 35. Rd1 (35. Rd6 Bxc1 36. Rxh5) 35... Ba6 $1 36. g4 {[#]} Rxc4 (36... fxg3 $142 $1 37. Rxe3 (37. Ng4 hxg4) 37... gxh2) 37. Ne2 $2 (37. Rd8+ Kf7 38. Nd3 Rc1+ 39. Ke2) 37... Rc8 {aiming for ...Rc2.} 38. Re1 Rc5 (38... Rc2 $142 39. Ra5 Bd3) 39. Rxc5 Bxc5 40. Rc1 Bb6 {Threatens to win with ...Rd7.} 41. Ra1 Bb5 42. Ke1 $2 (42. Ra2) 42... Re7 43. Ra2 Bc4 44. Rc2 Bd3 {A strong pair of Bishops.} 45. Ra2 Be3 (45... Bg1 $142 46. Kd1 Bxe2+ 47. Rxe2 Rxe2 48. Kxe2 Bxh2) 46. gxh5 Rb7 47. Nc3 {To avoid Rb1+} Rc7 (47... Rb3 $17 48. Nd1 Bb6) 48. Nd1 {White is on the road to losing.} (48. Ra3 $11) 48... Rc1 $17 {Strongly threatening ...Bc2. Black is much more active. White has bad knights.} 49. Ng4 {[#]} Bc2 $1 50. Ngxe3 fxe3 51. Rxc2 (51. Ke2 $17 Bxd1+ 52. Kxe3) 51... Rxc2 $19 52. Nxe3 $17 {[%mdl 4096] Endgame KR-KN} Rc5 53. Kd2 Rxh5 54. Kc3 Kf7 55. Kb4 Ke6 (55... Rxh3 $142 56. Nf5 Ke6 57. Nd4+ Kd5 58. Nb5 Rh7 59. Nc3+ Ke5 60. Nb5 a6 61. Nc3 Kd4 62. Ne4 Rh5 63. Ng3 Rb5+ 64. Ka4 Rg5 65. Ne4 Rg1 66. Nd2 Rd1 67. Ne4 Rf1 68. Kb4 Rxf3 69. Nd6 Rf8 70. Ka4 Kc5 71. Ne4+ Kd5 72. Nc3+ Kc4 73. Ne4 Rf4 74. Ng5 Rf5 75. Ne4 Rf4 76. Ng5 Rf2 77. Ka3 Rf5 78. Ne6 Kc3 79. Ka2 Kb4 80. Ng7 Rf2+ 81. Kb1 a5 82. Ne6 a4 83. Nd4 Kc4 84. Nc6 a3 85. Ka1 Rf6 86. Na5+ Kb4 87. Kb1 Kxa5 88. Kc2 Kb4 89. Kd3 a2 90. Ke2 a1=Q 91. Kd3 Qe1 92. Kc2 Qe2+ 93. Kc1 Rf1#) 56. f4 Rxh3 57. Nc2 Kd6 ({Stronger than} 57... Kf5 58. Nd4+ Kxf4 59. Nb5 $15) 58. Nd4 a6 {( -> ...Rh5)} 59. Nf5+ Ke6 {Black mates.} 60. Nd4+ Kd5 61. Nc2 Rh2 62. Kb3 Kc5 63. Nb4 Kb5 64. Nd5 Rh3+ 65. Kb2 Rf3 66. Nc7+ Kb6 67. Ne6 a5 {[%cal Ba6a5,Ba5a4,Ba4a3][%mdl 32]} 68. Ka2 a4 69. Kb2 Ka5 70. Nd4 Rxf4 71. Nc2 Rf3 72. Nd4 a3+ 73. Ka2 Rh3 74. Nc2 Ka4 75. Kb1 Rh1+ 76. Ka2 Rh2 77. Kb1 Kb3 78. Nd4+ Kc4 79. Nc2 Kc3 80. Nxa3 Kb3 {Weighted Error Value: White=1.18/Black=0.55} 0-1

[Event "Charlotte Spring-A 2022"]
[Site "Charlotte"]
[Date "2022.03.18"]
[Round "4.5"]
[White "Mista, Aleksander"]
[Black "Mishra, Abhimanyu"]
[Result "0-1"]
[WhiteElo "2551"]
[BlackElo "2505"]
[Annotator "TA"]
[PlyCount "77"]
[EventDate "2022.03.16"]
[EventType "tourn"]
[EventCountry "USA"]
[SourceTitle "playchess.com"]
[Source "ChessBase"]
[SourceQuality "1"]

{[%evp 21,77,0,0,0,0,8,0,-52,-19,-29,-38,-23,-29,-50,-79,-104,-47,-159,-154,-156,-152,-145,-145,-137,-144,-153,-143,-129,-143,-266,-274,-243,-257,-286,-268,-352,-326,-400,-401,-723,-684,-820,-862,-839,-831,-743,-716,-908,-907,-995,-995,-945,-943,-1056,-1047,-2106,-2106,-29942]} 1. e4 c5 2. Nf3 d6 3. d4 cxd4 4. Nxd4 Nf6 5. Nc3 a6 6. Be3 e5 7. Nb3 Be7 8. f3 Be6 9. Qd2 h5 10. O-O-O Nbd7 11. Kb1 Rc8 $1 {[%mdl 4] is more profitable than 11...b5 at the moment.} 12. h4 {B90: Sicilian Najdorf: Unusual White 6th moves, 6 Be3 Ng4 and 6 Be3 e5.} (12. Nd5 Nxd5 13. exd5 Bf5 14. Rc1 O-O 15. Rg1 Bg6 16. g4 hxg4 17. fxg4 Qc7 18. g5 b5 19. h4 Nb6 20. h5 {1-0 (64) Mista,A (2567)-Mishra,A (2357) Charlotte 2021}) 12... b5 13. Bg5 O-O {[#]} 14. g4 $146 (14. a3 $11) ({Predecessor:} 14. a3 Re8 15. Be2 Qb6 16. Rhg1 Bf8 17. Nc1 Rc7 18. N1a2 Rec8 19. Rc1 Qb7 20. Rgd1 {0-1 (36) Inarkiev,E (2693)-Vidit,S (2707) Danzhou 2019}) 14... hxg4 $15 15. fxg4 Bxg4 {[%cal Oc8c3] [#] And now ...Rxc3! would win.} 16. Re1 b4 17. Nd5 Nxd5 18. exd5 {[%cal Ob3d4]} f6 19. Rg1 Bf5 $17 ({Reject} 19... fxg5 $6 20. Rxg4 Rf4 21. Bh3 $11) 20. Bh6 Rxc2 21. Rxg7+ Kh8 22. Bd3 {[%cal Od3f5]} Rxd2 $40 {[%mdl 128] Black goes for the king. Dancing on a razor blade.} 23. Bxf5 {[#] Intending Rh7+ and mate.} Rg2 $3 24. Rxg2 {White threatens Bg7+ and mate.} Rg8 {Prevents Bg7+.} 25. Reg1 (25. Rc2 $17) 25... Rxg2 $19 26. Rxg2 {aiming for Bg7+.} Bf8 {Inhibits Bg7+.} 27. Be3 Qe8 {[%cal Oe8h5]} 28. Bg6 Qc8 29. Nd2 Qb7 30. Bf7 (30. Be4 $142 Nc5 31. Bxc5 dxc5 32. Rf2) 30... Nc5 {Black is clearly winning.} 31. Rg8+ Kh7 32. Rxf8 Kg7 33. Rd8 Qc7 34. Bxc5 Qxd8 35. Bxb4 Kxf7 36. Nc4 Qg8 37. Nxd6+ Kg6 38. h5+ Kxh5 39. Ne4 {Weighted Error Value: White=0.75/Black=0.00 (flawless)} 0-1

[Event "Charlotte Spring-A 2022"]
[Site "Charlotte"]
[Date "2022.03.19"]
[Round "5.1"]
[White "Mishra, Abhimanyu"]
[Black "Dragun, Kamil"]
[Result "0-1"]
[WhiteElo "2505"]
[BlackElo "2590"]
[Annotator "TA"]
[PlyCount "180"]
[EventDate "2022.03.16"]
[EventType "tourn"]
[EventCountry "USA"]
[SourceTitle "playchess.com"]
[Source "ChessBase"]
[SourceQuality "1"]

{[%evp 9,180,10,29,14,17,22,23,16,16,20,13,14,18,13,13,15,32,18,28,34,25,31,33,26,31,26,32,31,22,29,35,52,42,44,58,58,66,42,45,19,20,-147,-140,-168,-170,-154,-158,-214,-208,-217,-203,-213,-221,-209,-212,-218,-154,-154,-146,-144,-127,-175,-175,-236,-175,-250,-252,-263,-253,-251,-239,-235,-201,-228,-221,-247,-225,-264,-244,-243,-225,-289,-275,-403,-335,-335,-335,-377,-343,-347,-339,-313,-310,-378,-308,-309,-314,-314,-314,-309,-300,-300,-292,-285,-285,-308,-304,-479,-476,-490,-426,-370,0,-400,-400,-400,-385,-378,-320,-309,-97,-116,-116,-8399,-7905,-7417,-6520,-5587,-5691,-4472,-3966,-6127,-5271,-29966,-29967,-29967,-29967,-29968,-29969,-29969,-29968,-29968,-29969,-29969,-29970,-29971,-29972,-29972,-29973,-29973,-29974,-29974,-29975,-29975,-29976,-29976,-29977,-29977,-29978,-29978,-29979,-29979,-29980,-29980,-29981,-29981,-29982,-29982,-29983,-29986,-29979,-29988,-29989]} 1. e4 c6 2. d4 d5 3. e5 Bf5 4. Nd2 e6 5. Nb3 c5 6. dxc5 {B12: Caro-Kann: Advance Variation.} Bxc5 7. Nxc5 Qa5+ 8. c3 {White has an edge.} Qxc5 9. Be3 Qc7 10. f4 Nc6 11. Nf3 {[%cal Bg1f3,Bf3d2,Bd2b3,Bb3c5][%mdl 32]} Nge7 12. Be2 O-O 13. O-O Be4 14. Nd2 Bg6 15. Nb3 Na5 16. Bf2 Nc4 17. Qc1 Nc6 18. Nc5 b6 19. Nd3 {[#]} f6 $146 {[%cal Rf6e5]} ({Predecessor:} 19... Ne7 20. b3 Na5 21. Qe3 Qxc3 22. Rfc1 d4 23. Qf3 Qd2 24. Rd1 Qc2 25. Bxd4 Nac6 {1-0 (32) Vossenkuhl,J (2358)-Ramesh,R (2327) ICCF email 2018}) 20. b3 N4a5 {[%cal Rf6e5]} 21. exf6 gxf6 22. Qe3 Rae8 23. Bg3 {[%cal Of4f5]} Qd7 24. f5 Bxf5 25. Rxf5 $2 exf5 $17 26. Qf2 d4 27. c4 Nb7 {[%cal Ba5b7,Bb7c5,Bc5e4][%mdl 32]} 28. Bf3 (28. Bf4 $17) 28... Nc5 $19 29. Bd5+ Kh8 30. Nf4 Ne4 31. Bxc6 Qxc6 32. Qxd4 Qc5 33. Qxc5 Nxc5 ({Not} 33... bxc5 34. Be1 $17) 34. Rd1 Rf7 35. Kf1 (35. Bh4 $17) 35... Rd7 36. Nd5 (36. Rxd7 $142 Nxd7 37. Be1) 36... Ne4 37. Bf4 (37. a4 $142) 37... b5 38. Rc1 bxc4 39. bxc4 Rc8 40. Ke2 Rb7 41. Rc2 Kg7 42. g3 Kf7 43. Kf3 Nc5 44. Ne3 Kg6 45. Rd2 Rd7 46. Nd5 (46. Ke2 $142) 46... Ne4 47. Rd4 {[#]} Nc3 $1 {[%mdl 512]} 48. Ke3 (48. a4 Rc5) 48... Nxd5+ 49. cxd5 {[%mdl 4096] Endgame KRR-KRB} Rc3+ ({Don't blunder} 49... Rc2 $2 50. d6 $19) 50. Kd2 Ra3 51. h4 Rb7 52. d6 {Strongly threatening d7.} Rxa2+ 53. Kc3 Ra3+ 54. Kc2 {aiming for d7.} Rd7 55. Rd5 Rf3 56. Kd2 Kf7 57. Rc5 Ke6 58. Rc8 (58. Ra5 {keeps fighting.}) 58... Rb7 59. Re8+ Kf7 60. Rc8 {Threatens to win with Rc7+.} Rd7 (60... Rfb3 $19 61. Kc2 Rb2+ 62. Kc1 R2b4) 61. Ke2 $2 {[%mdl 8192]} (61. Rc5 $1 $11 {and White has nothing to worry.} Ke6 62. Rb5) 61... Ra3 62. Kd2 a5 63. Kc2 Rf3 ({Avoid the trap} 63... Ke6 $2 64. Rb8 $19) 64. Ra8 Rxf4 $2 65. gxf4 $17 Rxd6 66. Rxa5 $2 $19 {[%mdl 8192] [#] KR-KR. This costs White the game.} (66. h5 $17) 66... Kg6 $1 {...Kh5 is the strong threat.} 67. Ra7 h6 68. Kc3 Kh5 69. Rh7 Rd1 70. Rh8 Kxh4 71. Rxh6+ Kg3 {Black mates.} 72. Kc2 Rd5 73. Rxf6 Kxf4 74. Kc3 Kg4 75. Rg6+ Kf3 76. Rg5 Ke4 77. Kc2 Rd8 78. Rg7 f4 {[%cal Bf5f4,Bf4f3,Bf3f2][%mdl 32]} 79. Re7+ Kf3 80. Rf7 Ke3 81. Re7+ {[#]} Kf2 $1 82. Rf7 f3 83. Rf6 Ke2 84. Re6+ Kf1 85. Rf6 f2 86. Rf7 Rd5 87. Kc3 Kg2 88. Rg7+ Kf3 89. Rf7+ Kg3 90. Kc2 Rd4 {Weighted Error Value: White=0.24 (precise) /Black=0.18 (very precise)} 0-1

[Event "Charlotte Spring-A 2022"]
[Site "Charlotte"]
[Date "2022.03.19"]
[Round "5.2"]
[White "Panjwani, Raja"]
[Black "Mista, Aleksander"]
[Result "1-0"]
[WhiteElo "2436"]
[BlackElo "2551"]
[Annotator "TA"]
[PlyCount "45"]
[EventDate "2022.03.16"]
[EventType "tourn"]
[EventCountry "USA"]
[SourceTitle "playchess.com"]
[Source "ChessBase"]
[SourceQuality "1"]

{[%evp 15,45,81,101,90,116,108,138,116,127,95,210,200,192,214,263,262,247,255,272,280,278,251,555,545,1555,1535,1922,1896,1829,1689,1475,1349]} 1. Nf3 Nf6 2. c4 e6 3. g3 d5 4. d4 g6 5. Bg2 Bg7 6. O-O O-O 7. Nc3 b6 8. Ne5 Bb7 9. Bg5 {D77: Fianchetto Grünfeld: 6 0-0: Replies other than 6...c6.} h6 10. Bxf6 {White is much more active.} Bxf6 11. cxd5 {White is clearly better.} exd5 12. f4 {[%cal Bf2f4,Bf4f5,Bf5f6][%mdl 32]} Qd6 {[#]} (12... c6 $16) 13. Qb3 $146 {[%cal Rc3d5]} ({Predecessor:} 13. e4 dxe4 14. Nxe4 Bxe4 15. Bxe4 c6 16. Kh1 a5 17. Rc1 Ra7 18. Rf3 Rc7 19. a4 {½-½ (38) Kharlov,A (2555)-Schmittdiel,E (2480) Leeuwarden 1992}) 13... c6 {[#]} 14. e4 $1 Rd8 15. exd5 cxd5 16. Nb5 {Pair of Knights!} Qe7 17. f5 g5 18. Ng4 Kg7 $2 (18... Nd7 {is tougher.} 19. Nxh6+ Kg7) 19. Rae1 {[%cal Ba1e1,Be1e6,Be6e7][%mdl 32] White is clearly winning.} Qd7 20. Nxf6 Kxf6 {[#]} 21. Re6+ $3 {[%mdl 512]} Kg7 22. f6+ Kg8 23. Re7 {White took control after the opening.  Weighted Error Value: White=0.00 (flawless) /Black=0.63} 1-0

[Event "Charlotte Spring-A 2022"]
[Site "Charlotte"]
[Date "2022.03.19"]
[Round "5.3"]
[White "Ostrovskiy, Aleksandr"]
[Black "Bodek, Michael"]
[Result "1/2-1/2"]
[WhiteElo "2409"]
[BlackElo "2418"]
[Annotator "TA"]
[PlyCount "72"]
[EventDate "2022.03.16"]
[EventType "tourn"]
[EventCountry "USA"]
[SourceTitle "playchess.com"]
[Source "ChessBase"]
[SourceQuality "1"]

{[%evp 9,72,27,44,33,28,30,33,37,41,35,30,36,32,28,33,25,39,16,21,19,42,23,27,16,26,19,37,15,18,10,16,14,20,10,4,12,33,9,22,0,0,0,0,-17,0,0,0,0,0,0,0,-13,0,0,0,0,0,0,0,0,0,0,0,0,0]} 1. e4 g6 2. d4 Bg7 3. Nf3 c6 4. Bc4 d5 5. Bb3 Bg4 6. h3 {B06: Modern Defence.} (6. Nbd2 {with more complications.} e6 7. exd5 exd5 8. O-O Ne7 9. h3) 6... Bxf3 7. Qxf3 {[%cal Re4d5]} e6 8. c3 {White is slightly better.} Nf6 9. Nd2 (9. e5 {is more complex.} Nfd7 10. Be3 c5 11. O-O Nc6 12. Qe2) 9... Nxe4 10. Nxe4 dxe4 11. Qxe4 Nd7 {[%cal Bb8d7,Bd7f6,Bf6d5][%mdl 32]} 12. O-O O-O {[#]} 13. Rd1 $146 ({Predecessor:} 13. Re1 a5 14. h4 a4 15. Bc2 e5 16. dxe5 Nxe5 17. Bxa4 Nd3 18. Bg5 Qb6 19. Qxd3 Rxa4 {1-0 (33) Czarnota,D (2229)-Hedstrom,J (2043) Stockholm 2010}) 13... Re8 14. Qf3 Qe7 15. Qg3 Nf6 16. Re1 Nd5 17. Bd2 Qc7 18. Qf3 a5 19. Rad1 b5 {[%cal Bb7b5,Bb5b4][%mdl 32]} 20. g3 b4 21. c4 Ne7 22. Bf4 Qa7 23. Be5 (23. Ba4 $5 {[%cal Rd4d5]}) 23... Bxe5 {The position is equal.} 24. Rxe5 a4 25. Bc2 Red8 26. c5 Rd5 27. Rxd5 Nxd5 28. Be4 Rd8 29. a3 Qb7 30. Kg2 Kg7 31. h4 h5 32. Bc2 Qa6 33. Bd3 Qa5 34. Be4 Qb5 35. Bd3 Qa5 36. Be4 Qb5 {Weighted Error Value: White=0.07 (flawless) /Black=0.05 (flawless)} 1/2-1/2

[Event "Charlotte Spring-A 2022"]
[Site "Charlotte"]
[Date "2022.03.19"]
[Round "5.4"]
[White "Guo, Arthur"]
[Black "Lee, Michael"]
[Result "1/2-1/2"]
[WhiteElo "2412"]
[BlackElo "2379"]
[Annotator "TA"]
[PlyCount "109"]
[EventDate "2022.03.16"]
[EventType "tourn"]
[EventCountry "USA"]
[SourceTitle "playchess.com"]
[Source "ChessBase"]
[SourceQuality "1"]

{[%evp 9,109,10,16,12,14,-22,-20,-30,-21,-29,-17,-29,-18,-18,-7,-20,33,24,25,0,17,12,8,0,56,45,84,87,181,142,145,145,189,138,164,157,145,66,64,27,27,27,28,18,38,16,17,20,320,310,304,281,299,264,258,248,426,390,454,445,477,436,458,356,500,491,483,476,539,535,482,275,287,291,385,207,208,163,161,81,67,73,43,21,7,0,0,0,0,0,0,0,101,101,101,101,101,0,101,101,101,96]} 1. e4 c6 2. d4 d5 3. e5 Bf5 4. h4 h5 5. Bd3 Bxd3 6. Qxd3 {[%cal Oe5e6] B12: Caro-Kann: Advance Variation.} Qa5+ 7. b4 Qxb4+ 8. Nd2 {[%cal Oe5e6] The position is equal.} e6 9. Rb1 $1 Qe7 10. Ne2 Qd7 11. c4 {[#]} Ne7 $146 ({Predecessor:} 11... Nh6 12. O-O Nf5 13. Nf3 Be7 14. Bg5 dxc4 15. Qxc4 Na6 16. Ng3 Nxg3 17. fxg3 f6 18. exf6 gxf6 19. Bf4 O-O-O 20. Qxa6 {1-0 (20) Swiercz,D (2647)-Makhnev,D (2513) Chess.com INT 2021}) 12. Ba3 Nc8 (12... b6 $11) 13. Bxf8 Kxf8 14. Nf3 b6 15. O-O {[%mdl 1024] White has compensation.} Ne7 16. Ng3 g6 (16... Kg8 $11) 17. Ng5 $14 Kg7 18. Qf3 $1 {Intending Qf6+ and mate.} Ng8 {To avoid Qf6+} (18... Qe8 $16) 19. Rbc1 Na6 20. cxd5 $1 cxd5 {[#]} 21. Rc3 (21. Rc6 $3 $18 {[%mdl 512]}) 21... Nc7 22. Rfc1 Ne8 23. Rc6 (23. Ne2 $1 $16 {[%cal Re2f4]}) 23... Nh6 24. Qd1 {White is much more active.} Ng8 25. R6c3 Nh6 26. a4 Rd8 27. Ne2 Nf5 28. Nf4 {[%cal Oc3c7] aiming for Rc7!} Nxh4 $2 {[%mdl 8192] [#]} (28... Kg8 $1 $11 {and Black stays safe.}) 29. Rc7 $3 $18 {[%mdl 576] Decoy} Nxc7 {[#]} 30. Rxc7 {[%mdl 512]} Qxc7 {[#]} 31. Nfxe6+ $1 {[%mdl 512]} fxe6 32. Nxe6+ Kg8 $2 (32... Kh7 {keeps fighting.} 33. Nxc7 Rd7) 33. Nxc7 Rh7 34. Ne6 Rc8 35. Qb3 Rd7 36. Qg3 Rc6 (36... Rc1+ {might work better.} 37. Kh2 Rc6) 37. Nf4 Nf5 38. Qg5 Nxd4 39. Nxh5 (39. Nxg6 $2 {[#]} Nf3+ $1 40. gxf3 Rxg6 $1 41. Qxg6+ Rg7 $19) 39... Kf7 40. Nf4 (40. Qf4+ $142 Ke7 41. Qh4+ (41. Qxd4 Rc1+ 42. Kh2 Rc4 $18) (41. Ng3 Nf5 $18) 41... Ke8 42. Nf6+ (42. Qxd4 gxh5 43. f4 Rc1+ 44. Kh2 Rc4 $18) 42... Rxf6 43. Qxf6) 40... Ke8 41. Qh4 ({Worse is} 41. Nxg6 Rg7 42. Qh4 Rcxg6 $11) 41... Ne6 (41... Rc1+ $2 42. Kh2 Rc6 43. Qh8+ Ke7 44. Qh7+ Kd8 45. Qg8+ Kc7 46. e6 Nxe6 47. Nxe6+ Rxe6 48. Qxe6 $18) 42. Qh8+ (42. Nxg6 $142 {Strongly threatening f4.} Rf7 43. f4) 42... Nf8 43. g3 {And now e6 would win.} Kf7 {Inhibits e6+.} 44. Nh3 (44. Kg2 $18) 44... d4 $16 45. Ng5+ Ke7 46. Qg8 {Black must now prevent Qf7+.} (46. e6 $5 Rxe6 47. Kf1 $16 (47. Nxe6 Nxe6 48. Kf1 g5 $14)) 46... Ke8 {Inhibits Qf7+. ...d3 is the strong threat.} 47. e6 {Chess con chili.} Re7 {Hoping for ...d3.} 48. Kf1 d3 49. Ke1 Rc5 50. f4 {[%cal Bf2f4,Bf4g5][%mdl 32]} Rxg5 51. fxg5 Rxe6+ 52. Kd2 Rd6 53. Qg7 (53. Qh8 $16) 53... Rd7 (53... Nd7 $11 {remains equal.}) 54. Qf6 Rd8 55. g4 {Black escapes into a draw.  Weighted Error Value: White=0.23 (precise) /Black=0.38} 1/2-1/2